00285 a2200133 450000100060000002000220000604000240002810000170005224000190006924500140008830000090010236200090011165000310012047560 a978-85-262-9848-4 cAnchieta - Aquarius aRios, Rosana10aO monstrolpor10aO monstro a32p.0 a2015 4aLiteratura infanto-juvenil